Exercices avec solutions /

Guardado en:
Detalles Bibliográficos
Autor principal: Bachmann, Otto (Autor)
Formato: Libro
Lenguaje:francés
Publicado: Lausanne : Presses polytechniques et universitaires romandes, 1986
Colección:Complement aux methodes mathematiques pour l'ingenieur 1-3, 5
Etiquetas: Agregar Etiqueta
Sin Etiquetas, Sea el primero en etiquetar este registro!

MARC

LEADER 00000nam a22000003a 4500
001 stu24082
005 20150617225742.6
008 960911s1986----fr------------------fre-d
020 |a 2-88074-107-6 
040 |a STU  |b slo 
041 0 |a fre 
044 |a fr 
080 |a 51  |7 stu_us_auth*stu8333 
100 1 |a Bachmann, Otto  |4 aut 
245 1 |a Exercices avec solutions /  |c [aut.]Bachmann,Otto 
260 |a Lausanne :  |b Presses polytechniques et universitaires romandes,  |c 1986 
300 |a 161 s 
830 0 |a Complement aux methodes mathematiques pour l'ingenieur  |v 1-3, 5 
996 |b C94356  |c C*94356  |l CCI  |s A  |a 24  |w stu24082_0001 
996 |b C94357  |c C*94357  |l CCI  |s A  |a 24  |w stu24082_0002